Normal view
MARC view
Entry Personal Name
001 - CONTROL NUMBER
- control field: 35680
003 - CONTROL NUMBER IDENTIFIER
- control field: ARRUPE
005 - DATE AND TIME OF LATEST TRANSACTION
- control field: 20170906092342.0
008 - FIXED-LENGTH DATA ELEMENTS
- fixed length control field: 170906|| aca||aabn | a|a d
040 ## - CATALOGING SOURCE
- Original cataloging agency: ARRUPE
- Transcribing agency: ARRUPE
100 ## - HEADING--PERSONAL NAME
- Personal name: Shearer, Ann
- Relator term: tr.
670 ## - SOURCE DATA FOUND
- Source citation: Work cat.: (ARRUPE): Vanier, Jean 35677, Signs of the times, 2013